000
00292nam a22001337a 4500
008
181102b xxu||||| |||| 00| 0 eng d
020
_a
0395468264
041
_a
eng
080
_2
2nd
_a
101
100
_a
24
101
_a
FIL
245
_a
Thinking Critically
_c
Chaffee,J
942
_2
udc
_c
BK
999
_c
51733
_d
51733